| 000 | 00833nam a22001817a 4500 | ||
|---|---|---|---|
| 008 | 110711s1982 ua|||||r|||| 00| 0 ara d | ||
| 020 | _a9770200239 | ||
| 082 |
_222 _a355.62 _bم ح م |
||
| 100 |
_926271 _aمحمد، عبد الوهاب بكر |
||
| 245 |
_aالجيش المصري وحرب فلسطين : _b1948-1952 / _cتأليف عبد الوهاب بكر محمد |
||
| 260 |
_aالقاهرة : _bدار المعارف، 1982 _c1982 |
||
| 300 |
_a328 ص ؛ _c23 سم |
||
| 504 | _aيشتمل على إرجاعات ببليوجرافية ص 319-328 | ||
| 651 |
_926272 _aمصر _xالجيش |
||
| 653 |
_bBus _cJuly2011 |
||
| 942 |
_2ddc _cBB |
||
| 999 |
_c15677 _d15677 |
||